|
|
|
|
| LEADER |
00000cas a2200000 a 4500 |
| 001 |
vtls010544774 |
| 003 |
SK-MaSNL |
| 005 |
20260425194123.0 |
| 008 |
130919c20119999xo uu| 0 b0slo |
| 015 |
|
|
|a SNBB2018-(I/2010)
|
| 020 |
|
|
|a 9788097062330 (brož.: 2010)
|z 978809706233C
|
| 040 |
|
|
|a SAVUK
|b slo
|c SAVUK
|d SNK
|e AACR2
|
| 041 |
0 |
|
|a slo
|a cze
|
| 043 |
|
|
|a e-xo---
|
| 044 |
|
|
|a xo
|c SK
|
| 072 |
|
7 |
|a 791
|x Film. Cirkus. Ľudová zábava
|2 konspekt
|
| 080 |
|
|
|a 791.229.2
|2 2011
|
| 080 |
|
|
|a (437.6)
|2 2011
|
| 080 |
|
|
|a (059)
|2 2011
|
| 245 |
0 |
0 |
|a Almanach slovenského dokumentárneho filmu ...
|
| 260 |
|
|
|a Košice
|b Občianske združenie Spoločnosť a film
|c 2011-
|
| 300 |
|
|
|a zv.
|c 21 cm
|
| 310 |
|
|
|a 1x ročne
|
| 362 |
0 |
|
|a I (2010-)-
|
| 500 |
|
|
|a Editor: 2010- , Róbert Rampáček
|
| 500 |
|
|
|a Súčasťou názvu je označenie roku
|
| 546 |
|
|
|a Bibliografické odkazy
|
| 546 |
|
|
|a Čiast. text český
|
| 650 |
0 |
7 |
|a dokumentárny film
|2 SNKPH
|9 51535
|
| 650 |
0 |
7 |
|a Documentary film
|2 SNKPHeng
|9 268086
|
| 651 |
|
7 |
|a Slovensko
|2 SNKPH
|9 14231
|
| 651 |
|
7 |
|a Slovakia
|2 SNKPHeng
|9 92630
|
| 655 |
|
7 |
|a almanachy
|2 SNKPH
|9 70416
|
| 655 |
|
7 |
|a almanacs
|2 SNKPHeng
|9 265335
|
| 700 |
1 |
|
|a Rampáček, Róbert
|4 edt
|9 268087
|
| 910 |
|
|
|a savuk
|
| 916 |
|
|
|a 2010
|
| 919 |
|
|
|a 978-80-970623-3-0
|
| 958 |
|
|
|a NB
|
| 999 |
|
|
|c 4489
|d 6419
|
| 952 |
|
|
|a SNK
|b SNK
|y PREZ
|7 0
|p 17A0696063
|o snkČSC 3852/1/2010
|i snk2018/16320
|8 1
|f 1
|0 0
|1 0
|4 0
|d 2018-08-01
|l 0
|r 2026-02-21 22:19:58
|w 2026-02-21
|
| 952 |
|
|
|a SNK
|b SNK
|y PREZ
|7 0
|p 17A1327346
|o snkČSC 3852/1/2010 D1
|i snk2018/16321
|8 1
|0 0
|1 0
|4 0
|d 2018-08-01
|l 0
|r 2026-02-21 22:20:01
|w 2026-02-21
|